| 000 | 00772nam a2200205Ia 4500 | ||
|---|---|---|---|
| 001 | 10121 | ||
| 003 | GE_BSU | ||
| 008 | 181216s||||||||xx |||||||||||||| ||und|| | ||
| 020 | _a9789941179242 | ||
| 040 | _cGE_BSU | ||
| 080 | _a08(479.22) | ||
| 245 | _aპუბლიცისტური ნაწერების კრებული | ||
| 245 | _cშემდგ. თინათინ ბარამიძე.რედ.ნოდარ ტაბიძე.მხატვ. გოგი წერეთელი | ||
| 260 | _aთბილისი | ||
| 260 | _bუნივერსალი | ||
| 260 | _c2013 | ||
| 300 | _a575გვ.30სმ. | ||
| 653 | _aპუბლიცისტური ნაწერების კრებული | ||
| 942 | _cBK | ||
| 999 |
_c43393 _d43393 |
||